山陽本線と交差する鉄道路線 - Statistics

General Stats
  • This quiz has been taken 70 times
  • The average score is 22 of 25
Answer Stats
Answer % Correct
山陽新幹線
94%
山陽新幹線
94%
山陽新幹線
94%
山陽新幹線
94%
山陽新幹線
94%
山陽新幹線
94%
山陽新幹線
94%
山陽新幹線
94%
山陽新幹線
94%
山陽新幹線
94%
山陽新幹線
94%
山陽新幹線
94%
山陽新幹線
94%
山陽新幹線
94%
山陽新幹線
94%
山陽新幹線
94%
山陽新幹線
94%
山陽新幹線
94%
山陽新幹線
94%
山陽新幹線
94%
山陽電鉄本線
64%
山陽電鉄本線
64%
アストラムライン
58%
宇野線
48%
山陰本線
44%
No matching quizzes found
Score Distribution
Percent of People with Each Score
Percentile by Number Answered
Your Score History
You have not taken this quiz